| 000 | 00908nam a22002297a 4500 | ||
|---|---|---|---|
| 999 |
_c2914 _d2914 |
||
| 003 | AR-CdUCM | ||
| 008 | 190305b ||||| |||| 00| 0 spa d | ||
| 040 |
_aMUNICIPALIDAD PROVINCIAL DEL CUSCO _cBIBLIOTECA MUNICIPAL DEL CUSCO |
||
| 082 |
_a306 / _bA65 |
||
| 100 |
_aCampos, Javier _910016 |
||
| 110 |
_aArzobispado del Cusco comisión de catequesis y biblia _910017 |
||
| 245 | _aPatrimonio cultural cristiano e iconografia barroca / | ||
| 260 |
_aCusco : _bCaytebi, _c2014. |
||
| 300 |
_a61 paginas ; _bIlustraciones, _c23 cm. |
||
| 505 | _aContenido :Los conceptos y sus limites --Procesos históricos del proyecto --El patrimonio inmaterial reconocido de España --Ejemplos de patrimonio inmaterial en la cultura cristiana ... | ||
| 650 |
_aCultura _9126 |
||
| 650 |
_aReligion _91195 |
||
| 650 |
_aPatrimonio _95523 |
||
| 700 |
_aFernandes de Sevilla _910018 |
||
| 942 |
_2ddc _cLIBROS |
||
| 945 | _arjall | ||